| 000 | 01529nam a22001697a 4500 | ||
|---|---|---|---|
| 003 | SGT | ||
| 020 | _a9781107624801 | ||
| 082 | _a595.7,CHA | ||
| 100 | _aCHAPMAN,R.F | ||
| 245 | _aTHE INSECTS STRUCTURE AND FUNCTION | ||
| 250 | _a5TH | ||
| 260 |
_aNEW DELHI _bOXFORD UNIVERSITY PRESS _c2016 |
||
| 300 | _a929 | ||
| 650 | _aINSECTS STRUCTURE | ||
| 653 | _aPART I. THE HEAD INGESTION UTILIZATION AND DISTRIBUTION OF FOOD: 1. HEAD; 2. MOUTHPARTS AND FEEDING; 3. ALIMENTARY CANAL DIGESTION AND ABSORPTION; 4. NUTRITION; 5. CIRCULATORY SYSTEM BLOOD AND THE IMMUNE SYSTEM; 6. FAT BODY; PART II. THE THORAX AND LOCOMOTION: 7. THORAX; 8. LEGS AND LOCOMOTION; 9. WINGS AND FLIGHT; 10. MUSCLES; PART III. THE ABDOMEN REPRODUCTION AND DEVELOPMENT: 11. ABDOMEN; 12. REPRODUCTIVE SYSTEM: MALE; 13. REPRODUCTIVE SYSTEM: FEMALE; 14. THE EGG AND EMBRYOLOGY; 15. POSTEMBRYONIC DEVELOPMENT; PART IV. THE INTEGUMENT GAS EXCHANGE AND HOMEOSTASIS: 16. INTEGUMENT; 17. GASEOUS EXCHANGE; 18. EXCRETION AND SALT AND WATER REGULATION; 19. THERMAL RELATIONS; PART V. COMMUNICATION: SECTION 1. PHYSIOLOGICAL CO-ORDINATION WITHIN THE INSECT: 20. NERVOUS SYSTEM; 21. ENDOCRINE SYSTEM; SECTION 2. PERCEPTION OF THE ENVIRONMENT: 22. VISION; 23. MECHANORECEPTION; 24. CHEMORECEPTION; SECTION 3. COMMUNICATION WITH OTHER ORGANISMS: 25. VISUAL SIGNALS: COLOUR AND LIGHT PRODUCTION; 26. MECHANICAL COMMUNICATION: PRODUCING SOUND AND SUBSTRATE VIBRATIONS; 27. CHEMICAL COMMUNICATION: PHEROMONES AND CHEMICALS WITH INTERSPECIFIC SIGNIFICANCE | ||
| 942 |
_2ddc _cBK _014 |
||
| 999 |
_c9973 _d9973 |
||